Annual Report 2013 (Record no. 25519)

000 -LEADER
fixed length control field 00298nam a22001217a 4500
040 ## - CATALOGING SOURCE
Transcribing agency RUA
082 ## - DEWEY DECIMAL CLASSIFICATION NUMBER
Classification number RUA EIL 2014 C160 Or.
100 ## - MAIN ENTRY--AUTHOR NAME
Personal name EILEEN MCCORMICK,
245 ## - TITLE STATEMENT
Title Annual Report 2013
260 ## - PUBLICATION, DISTRIBUTION, ETC. (IMPRINT)
Place of publication PHNOM PENH
Name of publisher RUA
Year of publication 2013
300 ## - PHYSICAL DESCRIPTION
Number of Pages 30p.
Other physical details ill.
Dimensions 29cm.
942 ## - ADDED ENTRY ELEMENTS (KOHA)
Koha item type របាយការណ៍
952 ## - LOCATION AND ITEM INFORMATION (KOHA)
Withdrawn status [LOCAL, KOHA] 0
Holdings
Permanent Location Date acquired Koha item type Lost status Shelving location Barcode Current Location Full call number
Library Block C2026-03-02របាយការណ៍ C160C034362Library Block CRUA EIL 2014 C160 Or.
មជ្ឈមណ្ឌលឯការនៃសាកលវិទ្យាល័យភូមិន្ទកសិកម្មចំការដូង

Powered by Koha